Normal view
MARC view
- نظم المعلومات الادارية
Entry Topical Term
001 - CONTROL NUMBER
- control field: 31607
003 - CONTROL NUMBER IDENTIFIER
- control field: JO-AjAnu
005 - DATE AND TIME OF LATEST TRANSACTION
- control field: 20230606075323.0
008 - FIXED-LENGTH DATA ELEMENTS
- fixed length control field: 230606|| aca||aabn | a|a d
040 ## - CATALOGING SOURCE
- Original cataloging agency: JO-AjAnu
- Transcribing agency: JO-AjAnu
150 ## - HEADING--TOPICAL TERM
- Topical term or geographic name entry element: نظم المعلومات الادارية
670 ## - SOURCE DATA FOUND
- Source citation: Work cat.: (JO-AjAnu)16227: الكيلاني،عثمان/م مشارك:هلال البياتي،علاء السالمي, author 31606, المدخل الى نظم المعلومات الادارية